000 00548nam a2200169Ia 4500
008 230917s9999||||xx |||||||||||||| ||und||
020 _cRS500
040 _e239576
_aMAIN
041 _aEnglish
082 _a891.433721 BP469M
100 _aभट्टाचार्य, प्रभात कुमार
245 0 _aमगर मुहँ
260 _aनई दिल्ली
_bभारतीय ज्ञानपीठ
_c2016
300 _a328 पृ. p.
500 _a2710 30/03/2017 HBD17/6964 29/05/2017 Main Budget
942 _cHN
999 _c22557
_d22557